[Event "Challenge"]
[Site "http://www.queenalice.com/game.php?id=501799"]
[Date "2008.12.2"]
[Round "-"]
[White "gabriel875"]
[Black "Freepawn"]
[Result "0-1"]
[WhiteElo "1100"]
[BlackElo "1549"]

1. h4 e5 2. e4 Bc5 3. g3 Nf6 4. g4 Nxe4 5. b3 Bxf2+ 6. Ke2 d5 7. Na3 Bxg4+ 8.
Kd3 Bxd1 9. Ne2 Nc6 10. Nf4 Nb4# 0-1

[Event "Challenge"]
[Site "http://www.queenalice.com/game.php?id=501915"]
[Date "2008.12.3"]
[Round "-"]
[White "valleenathan"]
[Black "Freepawn"]
[Result "0-1"]
[WhiteElo "1368"]
[BlackElo "1842"]

1. e4 e5 2. Nf3 Nc6 3. d4 exd4 4. Bc4 Be7 5. c3 d6 6. Qb3 Na5 7. Bxf7+ Kf8 8.
Qd5 c6 9. Qh5 Nf6 10. Qh4 Kxf7 11. cxd4 Bd7 12. O-O Re8 13. Qf4 Kg8 14. Nc3 b5
15. Bd2 Nc4 16. Bc1 Rf8 17. Qg3 Nh5 18. b3 Nxg3 19. fxg3 Nb6 20. Bf4 a5 21. Rad1
b4 22. Ne2 Bg4 23. Rc1 Rc8 24. Rfd1 Bxf3 25. gxf3 Bg5 26. Bxg5 Qe8 27. Nf4 h6
28. Bxh6 gxh6 29. Re1 Qf7 0-1

[Event "Challenge"]
[Site "http://www.queenalice.com/game.php?id=507405"]
[Date "2008.12.14"]
[Round "-"]
[White "Freepawn"]
[Black "SalsaQueen"]
[Result "0-1"]
[WhiteElo "1616"]
[BlackElo "1748"]

1. e4 e5 2. Nf3 d6 3. Bc4 h6 4. O-O Nf6 5. Nc3 a6 6. h3 Nc6 7. d4 b5 8. Bb3 b4
9. Nd5 Nxe4 10. Re1 Nf6 11. dxe5 dxe5 12. Nxe5 Nxe5 13. Rxe5+ Be6 14. Nf4 Qxd1+
15. Kh2 Bd6 16. Ba4+ Ke7 17. Nd3 Bxe5+ 18. Nxe5 Bd5 19. b3 Qf1 20. f3 Nh5 21.
Bb2 Qf2 22. Rd1 Qg3+ 0-1

[Event "Challenge"]
[Site "http://www.queenalice.com/game.php?id=507919"]
[Date "2008.12.15"]
[Round "-"]
[White "ZUMBI"]
[Black "Freepawn"]
[Result "0-1"]
[WhiteElo "1834"]
[BlackElo "1816"]

1. e4 e5 2. Nf3 Nc6 3. Nc3 Nf6 4. Bb5 a6 5. Ba4 d6 6. O-O Be7 7. d4 exd4 8. Nxd4
Bd7 9. Re1 O-O 10. Bg5 Re8 11. Nf5 Bxf5 12. exf5 b5 13. Bb3 Ne5 14. Bxf6 Bxf6
15. a4 b4 16. Nd5 a5 17. h3 c6 18. Nf4 Qd7 19. Qh5 d5 20. Rad1 Rad8 21. c4 d4
22. c5 Qe7 23. Nd3 Qa7 24. f4 Nxd3 25. Rxe8+ Rxe8 26. Rxd3 Re3 27. Rxe3 dxe3 28.
Kf1 Bxb2 29. f6 Bxf6 30. g4 g6 31. Qh6 Qd7 32. f5 Qd3+ 33. Ke1 Qd2+ 34. Kf1 e2+
35. Kf2 e1=Q+ 0-1

[Event "Challenge"]
[Site "http://www.queenalice.com/game.php?id=509645"]
[Date "2008.12.18"]
[Round "-"]
[White "Freepawn"]
[Black "marcet"]
[Result "1-0"]
[WhiteElo "1843"]
[BlackElo "1885"]

1. e4 e6 2. d4 d5 3. e5 c5 4. c3 Nc6 5. Nf3 g6 6. Be2 b6 7. O-O Bg7 8. Bg5 f6 9.
Bh4 Bb7 10. Re1 g5 11. Bg3 Nge7 12. Nbd2 Ng6 13. Bb5 f5 14. h3 g4 15. Nh2 f4 16.
Qxg4 fxg3 17. Qxe6+ Ne7 18. fxg3 Qd7 19. Qg4 Qxg4 20. Nxg4 O-O-O 21. Nf3 a6 22.
Bd3 c4 23. Bc2 Rdf8 24. Rf1 h5 25. Ngh2 Rfg8 26. Rf2 Bh6 27. Re1 Rxg3 28. Nf1
Rg7 29. Ne3 Bxe3 30. Rxe3 Ng6 31. Bxg6 Rxg6 32. Nh4 Re6 33. Ref3 Kb8 34. Rf7 Ka7
35. Nf5 Nd8 36. Rd7 Nc6 37. Nd6 Rb8 38. Rff7 Nd8 39. Rh7 a5 40. Nb5+ 1-0

[Event "Game 3"]
[Site "http://www.queenalice.com/game.php?id=514919"]
[Date "2008.12.30"]
[Round "-"]
[White "SalsaQueen"]
[Black "Freepawn"]
[Result "0-1"]
[WhiteElo "1753"]
[BlackElo "1660"]

1. d4 d5 2. Nc3 Nf6 3. h3 e6 4. a3 c5 5. e3 Nc6 6. Bb5 Bd7 7. Nf3 Rc8 8. dxc5
Bxc5 9. a4 O-O 10. Qd3 Re8 11. Bxc6 Bxc6 12. b3 e5 13. Qf1 Bb4 14. Bd2 Qa5 15.
Na2 Bxd2+ 16. Nxd2 d4 17. O-O-O b5 18. Kb1 bxa4 19. b4 Qc7 20. g4 Bxh1 21. Qxh1
Qxc2+ 22. Ka1 a3 23. Rb1 Qxd2 24. Qd1 Qxf2 25. Rb3 dxe3 26. Nc3 Rxc3 27. Rxc3
Qb2# 0-1

[Event "Challenge"]
[Site "http://www.queenalice.com/game.php?id=516965"]
[Date "2009.1.4"]
[Round "-"]
[White "jcmlima"]
[Black "Freepawn"]
[Result "0-1"]
[WhiteElo "1520"]
[BlackElo "1549"]

1. e4 e5 2. Nf3 Nc6 3. b3 Nf6 4. Bb2 d6 5. d4 exd4 6. Nxd4 Nxe4 7. Nxc6 bxc6 8.
Qf3 d5 9. Qxf7+ Kxf7 10. f3 Nf6 11. Bd3 Bb4+ 12. c3 Re8+ 13. Kf2 Bc5+ 14. Kf1
Qe7 15. Na3 Qe3 16. Be2 Qf2# 0-1

[Event "Challenge"]
[Site "http://www.queenalice.com/game.php?id=517672"]
[Date "2009.1.5"]
[Round "-"]
[White "Freepawn"]
[Black "Andrei_78"]
[Result "1-0"]
[WhiteElo "1759"]
[BlackElo "1555"]

1. e4 e5 2. Nf3 Nf6 3. Nxe5 Nxe4 4. Bc4 Qf6 5. Nf3 Bc5 6. O-O O-O 7. d4 Bb6 8.
Re1 Nc6 9. Rxe4 d6 10. Bg5 Qf5 11. Nc3 h6 12. Bh4 Bxd4 13. Nxd4 a6 14. Nxf5 Bxf5
15. Re3 Ne5 16. Bd3 Bg4 17. f3 Be6 18. Qd2 c6 19. Rae1 Nd7 20. Ne4 d5 21. Ng3 d4
22. R3e2 Bxa2 23. b3 Nc5 24. c4 Bxb3 25. Be7 Nxd3 26. Qxd3 Rfe8 27. Qxb3 b5 28.
cxb5 axb5 29. Bc5 Rxe2 30. Nxe2 Rd8 31. Nxd4 Rd5 32. Re8+ Kh7 33. Qd3+ f5 34.
Qc3 Kg6 35. Nxf5 Rd1+ 36. Kf2 Kxf5 37. Qc2+ Rd3 38. Qxd3+ Kf6 39. g4 Kg5 40.
Qf5+ Kh4 41. Qh5# 1-0

[Event "Challenge"]
[Site "http://www.queenalice.com/game.php?id=519242"]
[Date "2009.1.8"]
[Round "-"]
[White "Hermano"]
[Black "Freepawn"]
[Result "0-1"]
[WhiteElo "1291"]
[BlackElo "1722"]

1. e4 e5 2. Nf3 Nc6 3. Bc4 Nf6 4. Ng5 d5 5. exd5 Na5 6. d3 Bd6 7. Qf3 Bg4 8. Qe3
O-O 9. h3 Bf5 10. Na3 Re8 11. Bb5 c6 12. dxc6 Nxc6 13. Nc4 h6 14. Bxc6 bxc6 15.
Qf3 Bxd3 16. Qxd3 Bb4+ 17. Bd2 Bxd2+ 18. Qxd2 Qxd2+ 19. Nxd2 hxg5 20. O-O-O Nd5
21. Ne4 f6 22. h4 gxh4 23. Rxh4 Rad8 24. a3 Nf4 25. Rd2 f5 26. g3 Ng6 27. Rxd8
Rxd8 0-1

[Event "Challenge"]
[Site "http://www.queenalice.com/game.php?id=523141"]
[Date "2009.1.15"]
[Round "-"]
[White "Andrei_78"]
[Black "Freepawn"]
[Result "0-1"]
[WhiteElo "1562"]
[BlackElo "1739"]

1. e4 e5 2. d3 Nf6 3. h3 Nc6 4. a3 Bc5 5. Nc3 O-O 6. Nf3 d5 7. exd5 Nxd5 8. b4
Nxc3 9. Qd2 Bd4 10. Be2 Nxe2 11. Nxd4 Nexd4 12. Bb2 Re8 13. O-O Bxh3 14. Bxd4
Nxd4 15. gxh3 Nf3+ 16. Kh1 Nxd2 17. Rfd1 Nf3 18. c4 Qh4 19. Kg2 Ng5 20. Rh1 Rad8
21. Rae1 Rxd3 22. a4 Rxh3 23. Reg1 Qe4+ 24. Kf1 Rxh1 25. c5 Rd8 26. Rxh1 Rd1#
0-1

[Event "Challenge"]
[Site "http://www.queenalice.com/game.php?id=526001"]
[Date "2009.1.20"]
[Round "-"]
[White "Freepawn"]
[Black "SalsaQueen"]
[Result "1-0"]
[WhiteElo "1776"]
[BlackElo "1758"]

1. e4 e5 2. Nf3 d6 3. Bc4 f6 4. c3 Ne7 5. O-O a6 6. d4 Bg4 7. Nbd2 exd4 8. cxd4
Nbc6 9. Qb3 b5 10. Bf7+ Kd7 11. h3 Kc8 12. hxg4 Kb8 13. a4 b4 14. d5 Na5 15.
Qxb4+ Nb7 16. Nc4 c5 17. dxc6 Nxc6 18. Qb3 Qc7 19. Bd5 Ra7 20. Be3 h5 21. Rfc1
Qd7 22. Qb6 Qc7 23. Bxc6 Qxb6 24. Bxb6 Ra8 25. Nh2 h4 26. Nf3 g5 27. Nd4 Be7 28.
Nf5 Rh7 29. Rd1 1-0

[Event "Challenge"]
[Site "http://www.queenalice.com/game.php?id=528307"]
[Date "2009.1.24"]
[Round "-"]
[White "Gaelle"]
[Black "Freepawn"]
[Result "0-1"]
[WhiteElo "1481"]
[BlackElo "1871"]

1. e4 e5 2. Nf3 Nc6 3. Bc4 Nf6 4. Ng5 Bc5 5. Nxf7 Qe7 6. Nxh8 d6 7. Nc3 Be6 8.
Qe2 Nd4 9. Qd3 O-O-O 10. Bxe6+ Qxe6 11. b4 Bxb4 12. a3 Bc5 13. Qg3 Nxc2+ 14. Kd1
Nxa1 15. Qxg7 Rg8 16. Qf7 Qxf7 17. Nxf7 Rxg2 18. Nb5 a5 19. f4 Nxe4 20. Re1 Nf2+
21. Ke2 c6 22. Nbxd6+ Bxd6 23. Nxd6+ Kc7 24. fxe5 Rxh2 25. Bb2 Nb3 26. Ne8+ Kd8
27. Ng7 Ng4+ 28. Kf3 Rxd2 29. Kxg4 Rxb2 30. e6 Rg2+ 31. Kh5 Rxg7 32. Kh6 Re7 33.
a4 Nc5 0-1

[Event "Challenge"]
[Site "http://www.queenalice.com/game.php?id=529910"]
[Date "2009.1.26"]
[Round "-"]
[White "Freepawn"]
[Black "bish"]
[Result "1-0"]
[WhiteElo "1872"]
[BlackElo "1648"]

1. e4 e5 2. Nf3 Nc6 3. Bc4 Bc5 4. c3 Nf6 5. d4 exd4 6. cxd4 Bb4+ 7. Nc3 Nxe4 8.
O-O Bxc3 9. Qb3 Qe7 10. bxc3 Na5 11. Qb5 Nxc4 12. Qxc4 c6 13. Re1 d5 14. Qe2 O-O
15. Ng5 Bf5 16. f3 Qxg5 17. Bxg5 Nxg5 18. Qe5 g6 19. Qe7 h6 20. Qxb7 Rfc8 21.
Re7 a5 22. h4 Ne6 23. g4 Bd3 24. Rxf7 Bb5 25. Re1 Re8 26. Rxe6 1-0

[Event "Challenge"]
[Site "http://www.queenalice.com/game.php?id=531459"]
[Date "2009.1.29"]
[Round "-"]
[White "pjanderson"]
[Black "Freepawn"]
[Result "0-1"]
[WhiteElo "1592"]
[BlackElo "1845"]

1. d4 d5 2. Bf4 Nf6 3. Nf3 e6 4. g3 c5 5. Bg2 cxd4 6. Qxd4 Nc6 7. Qa4 Bd7 8. Qb3
Na5 9. Qd3 Be7 10. O-O O-O 11. Nbd2 Rc8 12. Nd4 Nc4 13. Nxc4 Rxc4 14. b3 Rc8 15.
c4 dxc4 16. bxc4 b6 17. Be4 Nxe4 18. Qxe4 Bf6 19. Bd6 Re8 20. Be5 Rc5 21. Bxf6
Qxf6 22. Nb5 Bxb5 23. cxb5 Rxb5 24. a4 Rd5 25. Rad1 Red8 26. Rxd5 Rxd5 27. Qc4
Qd8 28. e4 Rd4 29. Qc2 Qd7 30. Kg2 g6 31. Ra1 h5 32. a5 b5 33. e5 Rd5 34. Qe4
Rd4 35. Qa8+ Kg7 36. Qf3 Qd5 37. Qxd5 Rxd5 38. f4 b4 39. a6 b3 40. Kf2 f6 41.
exf6+ Kxf6 42. Ke2 Kf5 43. h3 e5 44. fxe5 Kxe5 45. Rb1 Rb5 46. Kd3 g5 47. Kc4
Rb6 48. Rxb3 Rxa6 49. Rb5+ Kf6 50. Rb3 Ra1 51. g4 hxg4 52. hxg4 Ke5 53. Kc5 Kf4
54. Rb4+ Kg3 55. Kd5 a5 56. Rc4 a4 57. Ke5 a3 58. Kf5 Kh4 59. Kg6 a2 60. Ra4 Rg1
61. Rxa2 Rxg4 62. Rh2+ Kg3 63. Rh5 Kf4 64. Kf6 Rg1 65. Kg6 g4 66. Rf5+ Ke3 67.
Kg5 g3 68. Kg4 g2 69. Rf3+ Ke4 70. Rg3 Kd4 0-1

[Event "Challenge"]
[Site "http://www.queenalice.com/game.php?id=532900"]
[Date "2009.1.31"]
[Round "-"]
[White "piemme"]
[Black "Freepawn"]
[Result "1-0"]
[WhiteElo "1777"]
[BlackElo "1866"]

1. g3 e5 2. Nf3 Nc6 3. c3 d5 4. d3 Nf6 5. Bg2 Be7 6. b4 a6 7. O-O O-O 8. d4 e4
9. Ne1 Bf5 10. e3 Re8 11. a4 Qd7 12. a5 Bh3 13. Nd2 Rad8 14. Nb3 Qf5 15. Nc5
Bxc5 16. dxc5 Ne5 17. f4 Nc4 18. Nc2 Bg4 19. Qe1 Qh5 20. Nd4 Bh3 21. Qf2 Ng4 22.
Qe2 Rd6 23. cxd6 cxd6 24. b5 axb5 25. Nxb5 Re6 26. Re1 Rh6 27. Ra2 Qf5 28. Nd4
Qg6 29. a6 bxa6 30. Rxa6 f5 31. Ra8+ Kf7 32. Ba3 Ncxe3 33. Ra7+ Kf6 34. Ra6 Kf7
35. Rxd6 Qh5 36. Rd7+ Ke8 37. Qb5 Bxg2 38. Ra7+ 1-0

[Event "Challenge"]
[Site "http://www.queenalice.com/game.php?id=533568"]
[Date "2009.2.2"]
[Round "-"]
[White "ZUMBI"]
[Black "Freepawn"]
[Result "0-1"]
[WhiteElo "1896"]
[BlackElo "1851"]

1. e4 e5 2. d4 exd4 3. Qxd4 Nc6 4. Qa4 d6 5. Nc3 Nf6 6. Nf3 Bd7 7. Bc4 Be7 8.
O-O O-O 9. Re1 Nd4 10. Bxf7+ Rxf7 11. Qxd4 Bg4 12. Ng5 Rf8 13. h3 Bh5 14. Ne6
Qd7 15. Nxf8 Bxf8 16. e5 c5 17. Qd3 Ne8 18. e6 Qe7 19. Qd5 Bg6 20. Bg5 Nf6 21.
a4 Re8 22. f4 h6 23. Bh4 Nxd5 24. Bxe7 Nxe7 25. Ne4 Bxe4 26. Rxe4 d5 27. Re5 g6
28. g4 Bg7 29. Re2 b6 30. a5 b5 31. a6 Rf8 32. Ra5 b4 33. Rxc5 Bd4+ 34. Kg2 Bxc5
35. f5 gxf5 36. Re5 Bd4 37. Re1 Bxb2 38. Rb1 Bc3 39. gxf5 Rxf5 40. h4 Kg7 41.
Kg3 Kf6 42. Kg4 h5+ 43. Kh3 Kxe6 44. Kg3 Re5 45. Rf1 Nf5+ 46. Kf4 Bd2+ 47. Kf3
Nxh4+ 48. Kg3 Nf5+ 49. Kf3 Nd4+ 50. Kg2 Re2+ 51. Kg3 Nf5+ 52. Kf3 Re3+ 53. Kf2
h4 54. Rg1 h3 55. Rg7 Nxg7 56. c4 dxc4 57. Kf1 b3 0-1

[Event "Challenge"]
[Site "http://www.queenalice.com/game.php?id=543810"]
[Date "2009.2.21"]
[Round "-"]
[White "roda"]
[Black "Freepawn"]
[Result "1-0"]
[WhiteElo "1993"]
[BlackElo "1882"]

1. c4 e5 2. e4 Nf6 3. Nf3 Nc6 4. Bd3 Bc5 5. a3 O-O 6. b4 Bd4 7. Ra2 d6 8. b5 Ne7
9. Nxd4 exd4 10. h3 Re8 11. O-O c5 12. Qc2 Ng6 13. f4 b6 14. e5 dxe5 15. Bxg6
fxg6 16. d3 Bf5 17. g4 Bc8 18. f5 gxf5 19. gxf5 Rf8 20. Qg2 Bd7 21. Bh6 Rf7 22.
Nd2 Rb8 23. Bg5 Kh8 24. Ne4 Qe7 25. h4 Rbf8 26. Qh3 h6 27. Rh2 Rg8 28. Rf3 Rff8
29. Rg3 Kh7 30. Rhg2 Qf7 31. Bxf6 gxf6 32. Rg6 Qe7 33. Qg4 1-0

[Event "Challenge"]
[Site "http://www.queenalice.com/game.php?id=552232"]
[Date "2009.3.7"]
[Round "-"]
[White "Freepawn"]
[Black "marcet"]
[Result "1-0"]
[WhiteElo "1870"]
[BlackElo "1907"]

1. e4 e6 2. d4 d5 3. e5 c5 4. c3 Qb6 5. Nf3 Nc6 6. a3 Nge7 7. b4 cxd4 8. cxd4
Nf5 9. Bb2 a6 10. Be2 Be7 11. O-O O-O 12. Kh1 Bd7 13. g4 Nh4 14. Nxh4 Bxh4 15.
f4 Ne7 16. Nd2 Nc6 17. Nf3 Be7 18. h4 g6 19. Qe1 f6 20. h5 Be8 21. hxg6 Bxg6 22.
Qg3 Kf7 23. Rg1 Rh8 24. Rad1 Rag8 25. Qh3 h5 26. g5 f5 27. Rg2 Qc7 28. Nh4 Na7
29. Nxg6 Kxg6 30. Rh2 h4 31. Rc1 Qd7 32. Qe3 Rh7 33. Bd3 b5 34. Rhc2 Rgh8 35.
Rc7 Qe8 36. Rxa7 h3 37. Rxa6 Bd8 38. Rc5 h2 39. Bxb5 Qf7 40. Rcc6 Re8 41. Rd6
Bc7 42. Bxe8 1-0

[Event "Challenge"]
[Site "http://www.queenalice.com/game.php?id=639589"]
[Date "2009.8.20"]
[Round "-"]
[White "Freepawn"]
[Black "valerie973"]
[Result "1-0"]
[WhiteElo "1887"]
[BlackElo "1598"]

1. e4 d5 2. exd5 Qxd5 3. Nc3 Qa5 4. d4 c6 5. Nf3 Bg4 6. Be2 Bxf3 7. Bxf3 Nd7 8.
O-O Ngf6 9. Be3 e5 10. Re1 Be7 11. dxe5 Nxe5 12. Bf4 Rd8 13. Qe2 Nxf3+ 14. Qxf3
Rd7 15. Re5 Nd5 16. Rae1 O-O 17. Nxd5 cxd5 18. Rxe7 Rxe7 19. Rxe7 Qxa2 20. Re1
h6 21. Qc3 Kh7 22. b3 a5 23. Ra1 1-0

[Event "Back in the summer"]
[Site "http://www.queenalice.com/game.php?id=639672"]
[Date "2009.8.20"]
[Round "-"]
[White "SalsaQueen"]
[Black "Freepawn"]
[Result "0-1"]
[WhiteElo "1729"]
[BlackElo "1891"]

1. d4 d5 2. Nc3 Nf6 3. h3 Bf5 4. a3 e6 5. Bg5 h6 6. Bxf6 Qxf6 7. Nf3 c5 8. e3
Nc6 9. Bb5 Rc8 10. Bxc6+ bxc6 11. dxc5 Bxc5 12. O-O O-O 13. Nd4 Bg6 14. b4 Bd6
15. Na4 Rfd8 16. c3 Qe7 17. Nb2 e5 18. Nf3 Bh5 19. g4 Bg6 20. a4 e4 21. Nh2 Qe5
22. f4 exf3 23. Nxf3 Qg3+ 24. Kh1 Qxh3+ 25. Kg1 Qxg4+ 26. Kf2 Qe4 27. Rg1 Re8
28. Qe2 Re7 29. Nd1 Rce8 30. Nd2 Qh4+ 31. Kf1 Bh5 32. Qg2 Qf6+ 33. Qf2 Qxf2+ 34.
Nxf2 Rxe3 35. Nb3 Rxc3 36. Rb1 Be2+ 37. Kg2 Rg3+ 38. Kh2 Rxb3+ 39. Kg2 Rg3+ 40.
Kh1 Bf3+ 41. Kh2 Rg5+ 42. Kh3 Rh5# 0-1

[Event "Through the water"]
[Site "http://www.queenalice.com/game.php?id=642851"]
[Date "2009.8.26"]
[Round "-"]
[White "Freepawn"]
[Black "piemme"]
[Result "1-0"]
[WhiteElo "1901"]
[BlackElo "1765"]

1. e4 e5 2. Nf3 d6 3. Bc4 h6 4. d4 exd4 5. Nxd4 Nf6 6. Nc3 c5 7. Nf3 Be7 8. Bf4
Bg4 9. h3 Bxf3 10. Qxf3 Nc6 11. O-O O-O 12. Rad1 a6 13. e5 Nh7 14. exd6 Bf6 15.
Rfe1 Nd4 16. Qd3 g5 17. Bh2 b5 18. Bd5 Rb8 19. Be4 c4 20. Bxh7+ Kg7 21. Qe4 Rh8
22. Bf5 Nxc2 23. Qxc2 Re8 24. Rxe8 Qxe8 25. d7 Qd8 26. Bxb8 1-0

[Event "Challenge"]
[Site "http://www.queenalice.com/game.php?id=644837"]
[Date "2009.8.30"]
[Round "-"]
[White "ORNELAS"]
[Black "Freepawn"]
[Result "0-1"]
[WhiteElo "1688"]
[BlackElo "1912"]

1. d4 d5 2. Nf3 Nf6 3. b4 Bf5 4. Nbd2 e6 5. c3 Bd6 6. Nh4 Bg6 7. Nxg6 fxg6 8. g3
O-O 9. Bg2 Nbd7 10. Nf3 Ne4 11. Bb2 Nb6 12. O-O Nc4 13. Bc1 Nxc3 14. Qd3 Bxb4
15. a3 Ba5 16. Ne5 Nxe5 17. dxe5 c6 18. Bb2 Nb5 19. a4 Nc7 20. Bd4 Bb6 21. Bxb6
axb6 22. e3 b5 23. Qd4 bxa4 24. Rxa4 Rxa4 25. Qxa4 Qa8 26. Qb4 Qc8 27. Rb1 Nb5
28. Qc5 Qd7 29. Rf1 Rb8 30. Rd1 b6 31. Qb4 Nc7 32. Qg4 c5 33. h4 b5 34. Rc1 c4
35. Qd4 Qc6 36. Ra1 b4 37. Bf1 Nb5 38. Qb2 b3 39. Ra5 Ra8 40. Rxa8+ Qxa8 41. Kh2
Qa2 42. Qxa2 bxa2 43. e4 a1=Q 44. Bg2 d4 45. Bh3 Kf7 46. Kg2 d3 47. Bg4 d2 48.
h5 c3 49. hxg6+ hxg6 50. Be2 c2 51. Kf3 Nd4+ 52. Kg4 Nxe2 53. f4 d1=Q 54. Kg5
Qh1 55. Kg4 Qh5# 0-1